| 000 | 00338nam a2200121 i 4500 | ||
|---|---|---|---|
| 001 | bg | ||
| 245 | 0 |
_aInzenerno-geologiceskie izyskania dlja stroitelstva gidrotechniceskich sooruzenij / _cp. red. E.S. Karpyseva. |
|
| 260 |
_aMoskwa, _c1972. |
||
| 040 | _cBPK | ||
| 041 | _apol | ||
| 942 | _cKS | ||
| 008 | s pl f |000 0 pol | ||
| 999 |
_c15376 _d15376 |
||
| 856 |
_uhttp://koha.tu.koszalin.pl/cgi-bin/koha/opac-detail.pl?biblionumber=15376 _yKatalog online BPK |
||